[Event "Sachsen-Anhalt Verbandsliga 1920"]
[Site "Sachsen Anhalt"]
[Date "2019.10.20"]
[Round "2.1"]
[White "Heun, Georg"]
[Black "Pflug, Tanja"]
[Result "1-0"]
[WhiteElo "1918"]
[BlackElo "1828"]
[PlyCount "107"]
[EventDate "2019.09.29"]
[EventType "team-tourn"]
[EventRounds "9"]
[EventCountry "GER"]
[SourceTitle "EXT 2023"]
[Source "ChessBase"]
[SourceDate "2022.10.05"]
[SourceVersion "1"]
[SourceVersionDate "2022.10.05"]
[SourceQuality "1"]
[WhiteTeam "Coethen Germania"]
[BlackTeam "Merseburg"]
[WhiteTeamCountry "GER"]
[BlackTeamCountry "GER"]

1. d4 f5 2. e4 fxe4 3. f3 e3 4. Bxe3 Nf6 5. Bc4 e6 6. Ne2 Bd6 7. Nbc3 c6 8. Bf2 Bc7 9. Bh4 d5 10. Bd3 e5 11. Qd2 Nbd7 12. 0-0-0 0-0 13. Rdf1 exd4 14. Nxd4 Ne5 15. f4 Nxd3+ 16. Qxd3 Bd6 17. h3 Qa5 18. g4 Nd7 19. Nb3 Qc7 20. f5 Ne5 21. Qd4 Nc4 22. Bg5 Be5 23. Qd3 b5 24. Bd2 Bb7 25. g5 a5 26. Nc5 Qe7 27. Nb3 Nxd2 28. Nxd2 b4 29. Nd1 Ba6 30. Qe3 Bxf1 31. Rxf1 Bd6 32. h4 Qxe3 33. Nxe3 Rae8 34. Ng4 Bg3 35. f6 Bxh4 36. Nf3 Bg3 37. fxg7 Bf4+ 38. Kd1 Kxg7 39. Nf6 Rd8 40. Rh1 Rh8 41. Nh5+ Kg6 42. Nxf4+ Kf5 43. Nd3 Rde8 44. Rh4 Re4 45. Rh6 Rhe8 46. Rxh7 Kg4 47. Rf7 Re3 48. Nde1 c5 49. g6 d4 50. g7 Rg8 51. Nd3 Kg3 52. Nfe5 Kh3 53. Nf4+ Kh2 54. Ng4+ 1-0

[Event "Sachsen-Anhalt Verbandsliga 2017/18"]
[Site "Sachsen Anhalt"]
[Date "2018.04.15"]
[Round "9.4"]
[White "Leonhardt, Karl Heinz"]
[Black "Pflug, Tanja"]
[Result "1/2-1/2"]
[WhiteElo "2134"]
[BlackElo "2039"]
[PlyCount "53"]
[EventDate "2017.12.22"]
[EventType "team-tourn"]
[EventRounds "9"]
[EventCountry "GER"]
[SourceTitle "EXT 2020"]
[Source "ChessBase"]
[SourceDate "2019.10.17"]
[SourceVersion "1"]
[SourceVersionDate "2019.10.17"]
[SourceQuality "1"]
[WhiteTeam "Halle USV II"]
[BlackTeam "Merseburg"]
[WhiteTeamCountry "GER"]
[BlackTeamCountry "GER"]

1. c4 f5 2. Nf3 Nf6 3. g3 g6 4. Bg2 Bg7 5. 0-0 0-0 6. d4 d6 7. Nc3 Qe8 8. Qc2 e5 9. dxe5 dxe5 10. e4 c6 11. Be3 Na6 12. Rad1 h6 13. a3 Nh5 14. Nh4 f4 15. Bc1 Be6 16. b3 Bf6 17. Nf3 g5 18. gxf4 Nxf4 19. Bxf4 gxf4 20. Kh1 Kh8 21. Rd6 Bg4 22. Ne2 Qh5 23. Qc3 Nc5 24. Nxf4 exf4 25. Rxf6 Kh7 26. Rxf8 Rxf8 27. e5 1/2-1/2

[Event "Sachsen-Anhalt Verbandsliga 2017/18"]
[Site "Sachsen Anhalt"]
[Date "2018.02.25"]
[Round "6.3"]
[White "Rafayevych, Vilen"]
[Black "Pflug, Tanja"]
[Result "1-0"]
[WhiteElo "2083"]
[BlackElo "2039"]
[PlyCount "85"]
[EventDate "2017.12.22"]
[EventType "team-tourn"]
[EventRounds "9"]
[EventCountry "GER"]
[SourceTitle "EXT 2020"]
[Source "ChessBase"]
[SourceDate "2019.10.17"]
[SourceVersion "1"]
[SourceVersionDate "2019.10.17"]
[SourceQuality "1"]
[WhiteTeam "Magdeburg Aufbau Elbe II"]
[BlackTeam "Merseburg"]
[WhiteTeamCountry "GER"]
[BlackTeamCountry "GER"]

1. d4 f5 2. e4 fxe4 3. Nc3 Nf6 4. Bg5 Nc6 5. d5 Ne5 6. Qe2 c6 7. 0-0-0 g6 8. Nxe4 Nxe4 9. Qxe4 Bg7 10. d6 Qa5 11. f4 Qxa2 12. c3 exd6 13. fxe5 dxe5 14. Bd3 Qe6 15. Nh3 d5 16. Qh4 Qg4 17. Qf2 b6 18. Rhf1 Rf8 19. Qd2 Bf5 20. Bxf5 gxf5 21. Rde1 Kd7 22. Rf4 Qh5 23. Rh4 Qg6 24. Qe2 a5 25. Bd2 Rfe8 26. Qh5 Rh8 27. Ng5 Raf8 28. Nf3 Qd6 29. Bh6 Rhg8 30. Bxg7 Rxg7 31. Nxe5+ Kc8 32. Nf3 Qd7 33. Qh6 Rfg8 34. g3 Kb7 35. Re6 Qc7 36. Ne5 c5 37. Qf6 d4 38. Rh6 dxc3 39. Rxb6+ Ka7 40. bxc3 Re8 41. Nc6+ Kxb6 42. Nd4+ Ka7 43. Nb5+ 1-0

[Event "Sachsen-Anhalt Verbandsliga 2017/18"]
[Site "Sachsen Anhalt"]
[Date "2017.12.10"]
[Round "3.3"]
[White "Netz, Siegfried"]
[Black "Pflug, Tanja"]
[Result "1/2-1/2"]
[WhiteElo "2017"]
[BlackElo "2039"]
[PlyCount "69"]
[EventDate "2017.12.22"]
[EventType "team-tourn"]
[EventRounds "9"]
[EventCountry "GER"]
[SourceTitle "EXT 2020"]
[Source "ChessBase"]
[SourceDate "2019.10.17"]
[SourceVersion "1"]
[SourceVersionDate "2019.10.17"]
[SourceQuality "1"]
[WhiteTeam "Magdeburg Rochade II"]
[BlackTeam "Merseburg"]
[WhiteTeamCountry "GER"]
[BlackTeamCountry "GER"]

1. d4 f5 2. c4 Nf6 3. Nc3 g6 4. g3 Bg7 5. Bg2 d6 6. Nf3 0-0 7. 0-0 Qe8 8. Re1 Qf7 9. b3 Ne4 10. Bb2 c5 11. Rf1 h6 12. Nxe4 fxe4 13. Nd2 Nc6 14. Nxe4 Nxd4 15. Qd2 Kh7 16. Rad1 Bg4 17. Nc3 Rab8 18. f3 Bd7 19. e3 Nf5 20. Rde1 Bc6 21. Nd1 b5 22. Bxg7 Nxg7 23. cxb5 Bxb5 24. Rf2 Rfc8 25. f4 Bc6 26. Bxc6 Rxc6 27. e4 Rb4 28. Qd5 Qxd5 29. exd5 Rc7 30. Rfe2 Rd4 31. Nc3 Rd3 32. Re3 Rxe3 33. Rxe3 Nf5 34. Re4 Nd4 35. Kf2 1/2-1/2

[Event "Regionalliga Ost 1617 (Women)"]
[Site "Germany"]
[Date "2017.02.12"]
[Round "4.2"]
[White "Gebhardt, Christine"]
[Black "Pflug, Tanja"]
[Result "1/2-1/2"]
[WhiteElo "1647"]
[BlackElo "2039"]
[PlyCount "64"]
[EventDate "2016.10.23"]
[EventType "team-tourn"]
[EventRounds "5"]
[EventCountry "GER"]
[SourceTitle "EXT 2018"]
[Source "ChessBase"]
[SourceDate "2017.10.13"]
[SourceVersion "1"]
[SourceVersionDate "2017.10.13"]
[SourceQuality "1"]
[WhiteTeam "Berlin Friedrichshagen (W)"]
[BlackTeam "Merseburg (W)"]
[WhiteTeamCountry "GER"]
[BlackTeamCountry "GER"]

1. e4 e6 2. d3 d5 3. Nd2 c5 4. Ngf3 Nc6 5. g3 Nf6 6. Bg2 Be7 7. 0-0 0-0 8. Re1 Qc7 9. Nf1 Rd8 10. e5 Nd7 11. Bf4 Nf8 12. h4 Ng6 13. Bg5 Bxg5 14. Nxg5 h6 15. Nf3 Ncxe5 16. Nxe5 Nxe5 17. Qh5 Nd7 18. Ne3 Nf6 19. Qf3 Bd7 20. g4 Bc6 21. Qh3 b5 22. g5 hxg5 23. hxg5 Nh7 24. g6 Nf6 25. gxf7+ Qxf7 26. Ng4 Be8 27. Re5 Nh7 28. Rae1 Rd6 29. R1e3 Qf4 30. Qh4 Bd7 31. Rf3 Qc1+ 32. Kh2 Rf8 1/2-1/2

[Event "GER-ch (Women)"]
[Site "Gladenbach"]
[Date "2010.07.18"]
[Round "2.5"]
[White "Leib, Britta"]
[Black "Pflug, Tanja"]
[Result "0-1"]
[WhiteElo "1982"]
[BlackElo "2042"]
[PlyCount "36"]
[EventDate "2010.07.17"]
[EventType "swiss"]
[EventRounds "7"]
[EventCountry "GER"]
[SourceTitle "EXT 2012"]
[Source "ChessBase"]
[SourceDate "2011.11.24"]
[SourceVersion "1"]
[SourceVersionDate "2011.11.24"]
[SourceQuality "1"]

1. e4 e6 2. d4 d5 3. Nc3 Nf6 4. Bd3 c5 5. exd5 cxd4 6. Bb5+ Bd7 7. Bxd7+ Qxd7 8. Qxd4 Nc6 9. Qd1 Nb4 10. dxe6 Qxe6+ 11. Nge2 Rd8 12. Bd2 Bd6 13. a3 Bf4 14. axb4 Bxd2+ 15. Qxd2 Rxd2 16. Kxd2 0-0 17. Rxa7 Ne4+ 18. Kc1 Nxf2 0-1

[Event "GER-ch (Women)"]
[Site "Gladenbach"]
[Date "2010.07.18"]
[Round "3.2"]
[White "Pflug, Tanja"]
[Black "Gremer, Kathrin"]
[Result "1-0"]
[WhiteElo "2042"]
[BlackElo "1743"]
[PlyCount "75"]
[EventDate "2010.07.17"]
[EventType "swiss"]
[EventRounds "7"]
[EventCountry "GER"]
[SourceTitle "EXT 2012"]
[Source "ChessBase"]
[SourceDate "2011.11.24"]
[SourceVersion "1"]
[SourceVersionDate "2011.11.24"]
[SourceQuality "1"]

1. f4 d5 2. Nf3 Nf6 3. g3 c5 4. Bg2 Nc6 5. 0-0 Qc7 6. d3 e6 7. Qe1 Bd6 8. Nc3 a6 9. e4 dxe4 10. dxe4 Be7 11. h3 0-0 12. a4 Nb4 13. Qe2 Rd8 14. Be3 b6 15. Ng5 Bb7 16. h4 h6 17. Nh3 Rd7 18. g4 c4 19. g5 Nh7 20. Rf2 Bc5 21. Bxc5 Qxc5 22. Kh1 Kh8 23. f5 Qe7 24. fxe6 Qxe6 25. Nf4 Qe7 26. Qxc4 hxg5 27. Ncd5 Nxd5 28. Nxd5 Bxd5 29. exd5 gxh4 30. d6 Qd8 31. Bxa8 Qxa8+ 32. Kg1 Rxd6 33. Qxf7 Qg8 34. Qf4 Rh6 35. Rd1 Nf6 36. Rg2 Kh7 37. Qf5+ Kh8 38. Rgd2 1-0

[Event "Sachsen-Anhalt-ch (Women)"]
[Site "Halle"]
[Date "2010.05.13"]
[Round "1.1"]
[White "Pflug, Tanja"]
[Black "Schwebbach, Angelika"]
[Result "1-0"]
[WhiteElo "2055"]
[BlackElo "1859"]
[PlyCount "93"]
[EventDate "2010.05.13"]
[EventType "match"]
[EventRounds "2"]
[EventCountry "GER"]
[SourceTitle "EXT 2011"]
[Source "ChessBase"]
[SourceDate "2010.11.26"]
[SourceVersion "1"]
[SourceVersionDate "2010.11.26"]
[SourceQuality "1"]

1. f4 d6 2. Nf3 Nc6 3. d4 e6 4. e4 d5 5. e5 Nge7 6. c3 Nf5 7. Bd3 Be7 8. 0-0 0-0 9. Qe2 Bd7 10. g4 Nh4 11. Nxh4 Bxh4 12. g5 g6 13. Qg4 Bxg5 14. fxg5 Ne7 15. Rf3 Kg7 16. Qh4 Rh8 17. Be3 Nf5 18. Bxf5 exf5 19. Nd2 Qe7 20. Bf4 Be6 21. Rc1 Qd7 22. b3 Rae8 23. Qf2 c6 24. c4 Rc8 25. Rfc3 Rhd8 26. Nf3 Qe7 27. h4 a5 28. Qh2 Ra8 29. R1c2 a4 30. h5 Rh8 31. h6+ Kf8 32. cxd5 Bxd5 33. e6 axb3 34. Bd6 bxc2 35. Bxe7+ Kxe7 36. Qxc2 Rxa2 37. Qb1 Rha8 38. Qxb7+ Kxe6 39. Re3+ Be4 40. Qxc6+ Ke7 41. d5 Kd8 42. Qf6+ Ke8 43. d6 R8a7 44. Qh8+ Kd7 45. Qxh7 Kxd6 46. Qg7 Rb7 47. h7 1-0

[Event "Sachsen-Anhalt-ch (Women)"]
[Site "Halle"]
[Date "2010.05.13"]
[Round "2.1"]
[White "Schwebbach, Angelika"]
[Black "Pflug, Tanja"]
[Result "0-1"]
[WhiteElo "1859"]
[BlackElo "2055"]
[PlyCount "94"]
[EventDate "2010.05.13"]
[EventType "match"]
[EventRounds "2"]
[EventCountry "GER"]
[SourceTitle "EXT 2011"]
[Source "ChessBase"]
[SourceDate "2010.11.26"]
[SourceVersion "1"]
[SourceVersionDate "2010.11.26"]
[SourceQuality "1"]

1. e4 e6 2. d4 d5 3. Nc3 Nf6 4. exd5 exd5 5. Bd3 Bd6 6. Nf3 Bg4 7. 0-0 0-0 8. Bg5 c6 9. Re1 Nbd7 10. h3 Bh5 11. Nb1 Qc7 12. Nbd2 Rae8 13. c3 Rxe1+ 14. Qxe1 Re8 15. Qf1 Ne4 16. Re1 f5 17. Nb3 h6 18. Bc1 Qd8 19. c4 Bb8 20. cxd5 Qc7 21. Ne5 Nxe5 22. dxe5 Qxe5 23. f4 Qf6 24. dxc6 bxc6 25. Bxe4 fxe4 26. Kh1 Qd6 27. Be3 Bf7 28. Qf2 Bd5 29. Nd4 Rf8 30. Rf1 g5 31. g3 Qd7 32. Qg2 Bd6 33. Rc1 Kh8 34. Ne2 Rg8 35. fxg5 hxg5 36. Kh2 Be5 37. b3 Qg7 38. Rd1 Rf8 39. Nd4 Kg8 40. Qd2 Qc7 41. Qg2 Qg7 42. Ne2 Rf3 43. Qg1 g4 44. h4 Qf6 45. Nf4 Bxf4 46. Bxf4 e3 47. Bxe3 Qxh4+ 0-1

[Event "BL2 Ost 0910 (Women)"]
[Site "Germany"]
[Date "2009.12.05"]
[Round "3.2"]
[White "Pflug, Tanja"]
[Black "Daemering, Katrin"]
[Result "1-0"]
[WhiteElo "2055"]
[BlackElo "2050"]
[PlyCount "55"]
[EventDate "2009.11.07"]
[EventType "team-tourn"]
[EventRounds "7"]
[EventCountry "GER"]
[SourceTitle "CBM 133 Extra"]
[Source "ChessBase"]
[SourceDate "2010.01.05"]
[SourceVersion "1"]
[SourceVersionDate "2010.01.05"]
[SourceQuality "1"]
[WhiteTeam "Merseburg (W)"]
[BlackTeam "Leipzig Lindenau (W)"]
[WhiteTeamCountry "GER"]
[BlackTeamCountry "GER"]

1. f4 d5 2. Nf3 c5 3. g3 Nc6 4. Bg2 g6 5. 0-0 Bg7 6. d3 Nf6 7. c3 Bf5 8. Qe1 0-0 9. Nh4 Bd7 10. e4 dxe4 11. dxe4 e5 12. f5 Qb6 13. Na3 a6 14. Nc4 Qc7 15. Bg5 b5 16. Ne3 Ne7 17. Rd1 Rad8 18. Ng4 Nxg4 19. Bxe7 Bh6 20. h3 Ne3 21. Qd2 Nxf5 22. Bxd8 Rxd8 23. Qd5 Ne3 24. Qxf7+ Kh8 25. Nxg6+ hxg6 26. Qxg6 Bg7 27. Rf7 Be8 28. Qxg7# 1-0

[Event "Leipzig op"]
[Site "Leipzig"]
[Date "2000.??.??"]
[Round "7"]
[White "Anderberg, Peter"]
[Black "Pflug, Tanja"]
[Result "1/2-1/2"]
[WhiteElo "2077"]
[BlackElo "1879"]
[PlyCount "40"]
[EventDate "2000.??.??"]
[EventType "swiss"]
[EventRounds "7"]
[EventCountry "GER"]
[SourceTitle "EXT 2009"]
[Source "ChessBase"]
[SourceDate "2008.11.26"]
[SourceVersion "1"]
[SourceVersionDate "2008.11.26"]
[SourceQuality "1"]

1. c4 Nf6 2. g3 g6 3. Bg2 Bg7 4. Nc3 0-0 5. d3 e5 6. e4 d6 7. Nge2 Nc6 8. 0-0 Ne8 9. Nd5 f5 10. exf5 Bxf5 11. Nec3 Qd7 12. Bg5 h6 13. Be3 Bh3 14. Qd2 Bxg2 15. Kxg2 Kh7 16. Rae1 Nf6 17. Nxf6+ Rxf6 18. Nd5 Rf7 19. b3 Raf8 20. f4 a6 1/2-1/2